The noble scholar, jurist, historian


 His Excellency Dr. Abdul Wahhab bin Ibrahim Abu Sulaiman, may Allah have mercy on him.


 He was born in Umm Al-Qura in the year 1356 AH.

كتاب فتكة البراض بالتركزي المعترض على القاضي عياض / (Record no. 14098)

MARC details
000 -LEADER
fixed length control field 01353cam a22002771i 4500
003 - CONTROL NUMBER IDENTIFIER
control field SA-RiAUC
005 - DATE AND TIME OF LATEST TRANSACTION
control field 20260119124241.0
008 - FIXED-LENGTH DATA ELEMENTS--GENERAL INFORMATION
fixed length control field 260107s1892 ua g 000 0 ara c
040 ## - CATALOGING SOURCE
Original cataloging agency EG-CaDAJ
Language of cataloging ara
Transcribing agency SA-RiAUC
Description conventions rda
043 ## - GEOGRAPHIC AREA CODE
Geographic area code a-iq---
082 04 - DEWEY DECIMAL CLASSIFICATION NUMBER
Classification number 929.209567
090 ## - LOCALLY ASSIGNED LC-TYPE CALL NUMBER (OCLC); LOCAL CALL NUMBER (RLIN)
Classification number (OCLC) (R) ; Classification number, CALL (RLIN) (NR) م ن 929.209567
Local cutter number (OCLC) ; Book number/undivided call number, CALL (RLIN) ب ر ز
100 1# - MAIN ENTRY--PERSONAL NAME
Personal name البرزنجي، أحمد بن إسماعيل بن زين العابدين ،
Dates associated with a name توفي 1337 هجري
Relator term مؤلف.
245 10 - TITLE STATEMENT
Title كتاب فتكة البراض بالتركزي المعترض على القاضي عياض /
Statement of responsibility, etc. السيد أحمد بن السيد إسماعيل البرزنجي الموسوي الحسيني.
246 30 - VARYING FORM OF TITLE
Title proper/short title فتكة البراض بالتركزي المعترض على القاضي عياض
264 #1 - PRODUCTION, PUBLICATION, DISTRIBUTION, MANUFACTURE, AND COPYRIGHT NOTICE
Place of production, publication, distribution, manufacture القاهرة :
Name of producer, publisher, distributor, manufacturer مطبعة العصر التاسع عشر،
Date of production, publication, distribution, manufacture, or copyright notice 1892
300 ## - PHYSICAL DESCRIPTION
Extent 44 صفحة؛
Dimensions 29 سم.
336 ## - CONTENT TYPE
Content type term نص
Content type code txt
Source rdacontent
Materials specified كتاب
337 ## - MEDIA TYPE
Media type term بدون وسيط
Media type code n
Source rdamedia
338 ## - CARRIER TYPE
Carrier type term مجلد
Carrier type code nc
Source rdacarrier
600 17 - SUBJECT ADDED ENTRY--PERSONAL NAME
Personal name الشنقيطي، محمد الأمين بن محمد المختار بن عبد القادر،
Dates associated with a name 1907-1973
Source of heading or term aucnm
650 #7 - SUBJECT ADDED ENTRY--TOPICAL TERM
Topical term or geographic name entry element البرزنجية (قبيلة)
Geographic subdivision العراق
Source of heading or term aucsh
650 #7 - SUBJECT ADDED ENTRY--TOPICAL TERM
Topical term or geographic name entry element الأنساب العربية
Geographic subdivision العراق
Source of heading or term aucsh
942 ## - ADDED ENTRY ELEMENTS (KOHA)
Source of classification or shelving scheme Dewey Decimal Classification
Koha item type كتاب مصور نادر
Suppress in OPAC No
949 ## - LOCAL PROCESSING INFORMATION (OCLC)
a SA-JeALM
d 260107
u mohamedma123
n 1
Holdings
Withdrawn status Lost status Source of classification or shelving scheme Damaged status Not for loan Home library Current library Date acquired Total checkouts Full call number Barcode Date last seen Price effective from Koha item type
    Dewey Decimal Classification     DR AbdElwahab Library DR AbdElwahab Library 01/19/2026   929.209567 ب ر ز 000022534 01/19/2026 01/19/2026 كتاب مصور نادر
    Dewey Decimal Classification     DR AbdElwahab Library DR AbdElwahab Library 01/19/2026   م ن 929.209567 ب ر ز 000022535 01/19/2026 01/19/2026 كتاب مصور نادر